Podmienky nároku na prídavky na deti a okruh oprávnených osôb

Podmienky pre priznanie prídavkov na deti a ich charakteristika. Starostlivosť o nezaopatrené dieťa a otázka trvalého pobytu. Neprekročenie hranice príjmu určenej zákonom. Nezaopatrenosť dieťaťa, sústavná príprava na budúce povolanie. Nárok na prídavky na deti nevzniká: prechodný pobyt v cudzine, ab...

Descrizione completa

Salvato in:
Dettagli Bibliografici
Autore principale: Matlák, Ján
Natura: Capitolo di libro
Lingua:slovacco
Soggetti:
Tags: Aggiungi Tag
Nessun Tag, puoi essere il primo ad aggiungerne!!

MARC

LEADER 00000naa a2200000 4500
001 r021238
005 20230424120235.7
041 0 |a slo 
044 |a SK 
245 1 0 |a Podmienky nároku na prídavky na deti a okruh oprávnených osôb  |c Ján Matlák 
520 |a Podmienky pre priznanie prídavkov na deti a ich charakteristika. Starostlivosť o nezaopatrené dieťa a otázka trvalého pobytu. Neprekročenie hranice príjmu určenej zákonom. Nezaopatrenosť dieťaťa, sústavná príprava na budúce povolanie. Nárok na prídavky na deti nevzniká: prechodný pobyt v cudzine, absencia príjmu v posudzovanom období. Špecifikácia pojmu oprávnená osoba. 
610 2 0 |a prídavky na deti 
610 2 0 |a zákony 
610 2 0 |a Slovensko 
610 2 0 |a 1995 
100 1 |a Matlák, Ján